First International Simposium on Digital Audio Broadcasting (Record n. 95785)

Dettagli MARC
000 -LEADER
fixed length control field 01695nam a2200313Ia 4500
001 - CONTROL NUMBER
control field F0343
003 - CONTROL NUMBER IDENTIFIER
control field IT-RoPAU
008 - FIXED-LENGTH DATA ELEMENTS--GENERAL INFORMATION
fixed length control field 130308s9999 xx 000 0 und d
040 ## - CATALOGING SOURCE
Original cataloging agency IT-RoPAU
040 ## - CATALOGING SOURCE
Transcribing agency IT-RoPAU
041 ## - LANGUAGE CODE
Language code of text/sound track or separate title INGLESE
100 ## - MAIN ENTRY--PERSONAL NAME
Personal name AA.VV.
100 ## - MAIN ENTRY--PERSONAL NAME
Miscellaneous information Codice Aut. SPICS: 12000
245 ## - TITLE STATEMENT
Title First International Simposium on Digital Audio Broadcasting
245 ## - TITLE STATEMENT
Remainder of title First International Simposium On Digital Audio Broadcasting
250 ## - EDITION STATEMENT
Edition statement 1a ed.
260 ## - PUBLICATION, DISTRIBUTION, ETC. (IMPRINT)
Place of publication, distribution, etc. SVIZZERA
260 ## - PUBLICATION, DISTRIBUTION, ETC. (IMPRINT)
Name of publisher, distributor, etc. European Broadcasting Union
260 ## - PUBLICATION, DISTRIBUTION, ETC. (IMPRINT)
Date of publication, distribution, etc. 1992 [1° Ed.:1992 - Ed.Ling.Originale:1992]
300 ## - PHYSICAL DESCRIPTION
Extent "424 p. (prefazione: no ; testo: 424)"
500 ## - GENERAL NOTE
General note Primo Convegno internazionale Sulla Radio Diffusione Digitale. strategie per Introduzione della Radio Diffusione Digitale nel Mondo. Evidenza sperimentale e Sviluppi di sistemi Recenti. Radio Diffusione Digitale nel 21 Secolo. Prima Parte: Atti del Convegno, Montreux 8 9 Giugno 1992, Diffusione Delsuono per Il 21 Secolo, Retroterra Tecnico della futura Diffusione del Suono, Prospetti per Realizzazione della Radio Diffusione Digitale, Problemi globali della Radio Diffusione Digitale. seconda Parte: strategie dell'European broadcasting Union Sulla Radio Diffusione Digitale, Diffusione Digitaledel Suono a Ricevitore Veicolare, Portatile, fisso Attraverso Trasmettitori Terrestri di Banda Vhf/Uhf e Frequenza 500/3000 Mhz, Valutazione preliminare del Questionario su Radio Diffusione Digitale.
650 ## - SUBJECT ADDED ENTRY--TOPICAL TERM
Topical term or geographic name as entry element TECNICA RADIOFONICA
650 ## - SUBJECT ADDED ENTRY--TOPICAL TERM
Relator term Codice materia Spics: 6902
700 ## - ADDED ENTRY--PERSONAL NAME
Personal name Carrasco M.Lange A.
700 ## - ADDED ENTRY--PERSONAL NAME
Miscellaneous information Codice Aut. SPICS: 50141Codice Aut. SPICS: 50142
942 ## - ADDED ENTRY ELEMENTS (KOHA)
Koha item type LIBRO
957 ## -
-- 1
999 ## - SYSTEM CONTROL NUMBERS (KOHA)
-- 1
Dati di copia
Withdrawn status Lost status Damaged status Not for loan Home library Current library Date acquired Total Checkouts Full call number Date last seen Price effective from Koha item type Public note
    Buone Condizioni Not For Loan SPICS-MEDIATECA SPICS-MEDIATECA 08/03/2013   F0343 08/03/2013 08/03/2013 LIBRO Progressivo inserimento: 42821 / N. Volumi: 2 Copie: 1 / data import: 1 marzo 2013 - By Epidotti, Trombetti, Vaglietti.
CREDITS: SOCIETA' SAN PAOLO Via A.Severo, 58 - ROMA (RM) & PERIODICI SAN PAOLO SRL Via Giotto, 36 MILANO & CISF Via Giotto, 36 MILANO & EDIZIONI SAN PAOLO SRL,  Piazza Soncino, 5 CINISELLO BALSAMO (MI) -- ITALY